Pocket guide to Malaysia

Bibliographic Details
Main Author: Leela Govindasamay
Format: Book
Published: Petaling Jaya : Pelanduk Publications (M) Sdn.Bhd. , 1991
Subjects:

MARC

LEADER 00000cam a2200000 7i4500
001 0000003826
002 000004125
005 20000330.0
020 |a 9679783677 
090 0 0 |a 915.95014   |b LEE 
100 0 |a Leela Govindasamay 
245 1 0 |a Pocket guide to Malaysia   |c Leela Govindasamy 
260 |a Petaling Jaya :   |b Pelanduk Publications (M) Sdn.Bhd. ,   |c 1991 
300 |a 186p. :   |b ill ;   |c 18cm. 
651 0 |a Malaysia   |x Description and travel 
651 0 |a Malaysia   |x Guidebooks 
999 |a 027676   |b BUKU   |c PINJAMAN   |e PERPUSTAKAAN KOMUNITI PETALING JAYA 
999 |a 037025   |b BUKU   |c MALAYSIANA   |e PERPUSTAKAAN KOMUNITI PETALING JAYA